| 000 | 00798cam a22002657a 4500 | ||
|---|---|---|---|
| 001 | 15410146 | ||
| 005 | 20180216033034.0 | ||
| 008 | 080812s2009 maua f 001 0 eng c | ||
| 010 | _a 2008935092 | ||
| 020 | _a9781598638677 | ||
| 020 | _a159863867X | ||
| 035 | _a(OCoLC)ocn251217009 | ||
| 040 |
_aBTCTA _cBTCTA _dORX _dYDXCP _dTXA _dSFR _dUBY _dDLC |
||
| 041 | _aeng | ||
| 042 | _apcc | ||
| 080 | _a78 bob | ||
| 082 | _278 bob | ||
| 100 | 1 | _a45 | |
| 101 | _amuz | ||
| 245 | 1 | 4 |
_aThe recording engineer's handbook / _cBobby Owsinski. |
| 906 |
_a7 _bcbc _cpccadap _d2 _eepcn _f20 _gy-gencatlg |
||
| 942 |
_2ddc _cBK |
||
| 999 |
_c42724 _d42724 |
||